| 000 | 00651nam a2200217Ia 4500 | ||
|---|---|---|---|
| 005 | 20260429112301.0 | ||
| 008 | 260429s9999||||xx |||||||||||||| ||und|| | ||
| 020 | _a9783111185248 | ||
| 041 | _aEnglish | ||
| 082 |
_a515.35 _bAMB |
||
| 100 | _aAmbrosetti, Antonio | ||
| 245 | 0 |
_aDifferential equations : _ba first course on ode and a brief introduction to PDE / _cAntonio Ambrosetti |
|
| 250 | _a2nd ed. | ||
| 260 |
_aBerlin : _bDe Gruyter, _c2024. |
||
| 300 | _axv, 361 p.; pbk | ||
| 650 | _a Mathematics | ||
| 650 | _a Partial differential equations | ||
| 650 | _aOrdinary differential equations | ||
| 700 | _a Ahmad, Shair | ||
| 942 | _cTB | ||
| 999 |
_c53301 _d53301 |
||